000 02203nam a22003971c 4500
001 a987681233
003 RU-10907106
005 20211101170313.0
008 091009s eng d
040 _cRU-10907106
_aRU-10907106
_bger
041 _aeng
245 0 0 _aPost-War Europe :
_bRefugees, Exile and Resettlement 1945-1950 ; Elektronische Ressource
246 1 0 _aPostwar Europe
264 _bGale Cengage Learning,
_c[2009]
336 _aText
_btxt
_2rdacontent
337 _aComputermedien
_bc
_2rdamedia
338 _aOnline-Ressource
_bcr
_2rdacarrier
500 _aZentrales Thema der Datenbank ist die Geschichte der Displaced Persons (DP) in Europa. Zu diesem Zweck wurden etwa 3.000 Dokumente zusammengetragen, die als Bilddateien und über Volltextsuche angeboten werden. Die Daten stammen im Wesentlichen aus der Wiener Library in London und aus den National Archives of the UK mit Beständen aus der General Correspondence des Foreign Office, dem Control Office for Germany and Austria und der Control Commission for Germany. Wissenschaftlich begleitet wurde dieses Projekt von Dan Stone (Royal Holloway College, University of London), der ein einleitendes Essay verfasst hat. Weitere die Datenbank ergänzende Beiträge zur Thematik stammen von namhaften Historikern der jüdischen und DP-Geschichte aus Großbritannien, Deutschland und Israel, darunter Michael Brenner (München) und Angelika Königseder (Berlin). Durch die Bestände aus der Wiener Library liegt ein gewisser Schwerpunkt auf der jüdischen DP-Geschichte.
500 _aOnline-Angebot nicht frei zugänglich, Zugang nur im DHI-Lesesaal
648 0 _a1945-1950
650 0 _aZweiter Weltkrieg
650 0 _aKalter Krieg
650 0 _aDisplaced Persons
650 0 _aZwangsarbeit
650 0 _aMigration
650 0 _aDemographie
651 0 _aEuropa
655 0 _aVolltextdatenbanken
655 0 _aFaktendatenbanken
655 0 _aE-Books
655 0 _aQuellenedition
655 0 _aElektronische Datenbank
856 4 _uhttps://go.gale.com/ps/aboutThisCollection?userGroupName=weberst&inPS=true&mCode=6ACO&prodId=GDSC
856 4 _uhttps://go.gale.com/ps/start.do?p=GDSC&u=weberst
942 _cEDB
_2z
999 _c34026
_d34026